2022 MLB Offensive Statistical Leaders - Statistics

General Stats
  • This quiz has been taken 56 times
    39 since last reset
  • The average score is 19 of 39
Answer Stats
Players % Correct
Aaron Judge
96%
Luis Arraez
88%
Ronald Acuña Jr.
88%
Freddie Freeman
79%
Manny Machado
75%
Mike Trout
75%
Pete Alonso
71%
Kyle Schwarber
71%
Matt Olson
71%
Trea Turner
71%
Mookie Betts
67%
Austin Riley
63%
Yordan Alvarez
63%
Paul Goldschmidt
54%
Xander Bogaerts
54%
Bobby Witt Jr.
50%
Francisco Lindor
50%
Jeff McNeil
50%
Nolan Arenado
50%
Vladimir Guerrero Jr.
50%
José Ramírez
46%
Kyle Tucker
46%
Bo Bichette
42%
Dansby Swanson
42%
Julio Rodríguez
42%
Adolis García
38%
Marcus Semien
38%
Randy Arozarena
38%
Christian Walker
29%
Nathaniel Lowe
29%
Amed Rosario
25%
Cedric Mullins
21%
Jon Berti
21%
Jorge Mateo
21%
José Abreu
21%
Andrew Benintendi
17%
Rowdy Tellez
17%
C.J. Cron
13%
Tommy Edman
13%
No matching quizzes found
Score Distribution
Percent of People with Each Score
Percentile by Number Answered
Your Score History
You have not taken this quiz since the last reset